|
|
|
|
| LEADER |
01146nam a2200277 a 4500 |
| 001 |
13379532 |
| 008 |
100613s2004 cau b 000 0 eng d |
| 010 |
|
|
|a \\2003023185
|
| 020 |
|
|
|a 0787965952 (pbk.)
|
| 040 |
|
|
|a DLC
|c DLC
|d DLC
|d BD-DhAAL
|
| 082 |
0 |
0 |
|a 011.62
|2 22
|
| 100 |
1 |
|
|a Sullivan, Joanna.
|
| 245 |
1 |
4 |
|a The children's literature lover's book of lists /
|c Joanna Sullivan ; Bernice Golden, editor.
|
| 250 |
|
|
|a 1st ed.
|
| 260 |
|
|
|a San Francisco :
|b Jossey-Bass,
|c c2004.
|
| 300 |
|
|
|a xiv, 352 p. ;
|c 28 cm.
|
| 504 |
|
|
|a Includes bibliographical references.
|
| 541 |
1 |
|
|e 00020389
|
| 650 |
|
0 |
|a Children's literature
|v Bibliography.
|
| 650 |
|
0 |
|a Children
|x Books and reading
|z United States
|v Bibliography.
|
| 650 |
|
0 |
|a Best books
|z United States.
|
| 650 |
|
0 |
|a Children's literature
|x Computer network resources.
|
| 700 |
1 |
|
|a Golden, Bernice.
|
| 852 |
4 |
|
|a Ayesha Abed Library
|j General Shelf
|
| 999 |
|
|
|c 8897
|d 8897
|
| 952 |
|
|
|0 0
|1 0
|2 ddc
|4 0
|6 011_620000000000000_SUL_2004
|7 0
|9 10891
|a BRACUL
|b BRACUL
|c GEN
|d 2010-06-13
|l 1
|o 011.62 SUL
|p 3010020389
|r 2014-05-14
|s 2013-02-25
|t 1
|w 2010-06-13
|y BK
|x Transferred from ENH to Ayesha Abed library on 20/12/2023
|